| 000 | 01138nam a2200277Ia 4500 | ||
|---|---|---|---|
| 005 | 20240718122632.0 | ||
| 008 | 130821s1994 ck gr spa | ||
| 020 | _a9589004342 | ||
| 040 |
_aCo-BoUCM _bspa _cSandra Yazo (modificó) _dSandra Yazo (modificó) |
||
| 041 | _aspa | ||
| 082 |
_a986.102 _bV34 1a. ed. |
||
| 100 |
_aVega Umbasia, Leonardo Alberto _9118104 |
||
| 245 |
_aPecado y delito en la colonia La bestialidad como una forma de contravención sexual 1740-1808 _cLeonardo Alberto Vega Umbasia ; Instituto Colombiano de Cultura Hispanica |
||
| 250 | _a1a. ed. | ||
| 260 |
_aBogotá (Cundinamarca, Colombia) _bEl Instituto _c1994 |
||
| 300 | _a125 páginas | ||
| 490 | _aColección de Historia Colonial, título II | ||
| 650 | 0 | 4 |
_aDelitos sexuales _912602 |
| 650 | 0 | 4 |
_aDelitos sexuales _xHistoria _zColombia _912602 |
| 650 | 0 | 4 |
_aHistoria colonia _y1550-1810 _9118105 |
| 650 | 0 | 4 |
_aPecado _921209 |
| 651 |
_aColombia _926889 |
||
| 651 |
_aColombia _xHistoria _yColonia _y1550-1810 _926606 |
||
| 700 |
_aInstituto Colombiano de Cultura Hispanica _9117668 |
||
| 942 |
_cLIBRO _a21 _e1 _mV34 _2DEWEY _h986.102 |
||
| 999 |
_c19769 _d19769 |
||